Представление документа в формате MARC21

ПолеНазваниеЗначение
  Тип записи a
  Библиографический уровень m
001 Контрольный номер RU\infra-m\znanium\bibl\2184603
005 Дата корректировки 20260429142115.6
008 Кодируемые данные 251211s2025 RU g rus u
020 Индекс ISBN __
a ISBN 978-5-8199-0965-2
020 Индекс ISBN __
a ISBN 978-5-16-113248-7 (электр. издание)
020 Индекс ISBN __
a ISBN 978-5-16-020584-7 (ISBN соиздателя)
040 Источник каталогиз. __
a Служба первич. каталог. Общество с ограниченной ответственностью «ЗНАНИУМ»
041 Код языка издания __
a Код языка текста rus
044 Код страны публикации __
a Код страны публикации RU
080 Индекс УДК __
a Индекс УДК 687.01+687.02(075.8)
084 Индекс другой классификации/Индекс ББК __
2 Источник индекса rubbk
a Индекс другой классификации/Индекс ББК 37.24я73
084 Индекс другой классификации/Индекс ББК __
2 Источник индекса okso
a Индекс другой классификации/Индекс ББК 29.01.04
084 Индекс другой классификации/Индекс ББК __
2 Источник индекса okso
a Индекс другой классификации/Индекс ББК 29.01.09
084 Индекс другой классификации/Индекс ББК __
2 Источник индекса okso
a Индекс другой классификации/Индекс ББК 29.01.33
084 Индекс другой классификации/Индекс ББК __
2 Источник индекса okso
a Индекс другой классификации/Индекс ББК 29.01.34
084 Индекс другой классификации/Индекс ББК __
2 Источник индекса okso
a Индекс другой классификации/Индекс ББК 29.02.10
100 Автор __
a Автор Бузов Б. А.
q Полное имя Бузов Борис Александрович
u Дополнение Российский государственный университет им. А.Н. Косыгина
245 Заглавие __
a Заглавие Швейные нитки и клеевые материалы для одежды
b Продолж. заглавия Учебное пособие
c Ответственность Российский государственный университет им. А.Н. Косыгина
250 Сведения об издании __
a Основные сведения об издании 1
260 Выходные данные __
a Место издания Москва
b Издательство Издательский Дом "ФОРУМ"
c Дата издания 2026
300 Физическое описание __
a Объем 192 с.
440 Серия __
a Серия Среднее профессиональное образование
520 Аннотация __
a Аннотация В учебном пособии приведены основные характеристики широкого ассортимента швейных ниток и клеевых материалов отечественных и зарубежных производителей классификации швейных ниток и клеевых материалов сведения об оценке их качества и применении в швейном производстве в соответствии с технологическими и эксплуатационными требованиями. Предназначено для студентов обучающихся по программам среднего профессионального образования по направлениям подготовки «Технология изделий легкой промышленности» «Конструирование изделий легкой промышленности» «Товароведение» и «Дизайн». Может быть полезно работающим на предприятиях легкой промышленности и в торговле.
521 Примеч. о цел. назн. __
a Примеч. о целев. назн. Среднее профессиональное образование
650 Тематические рубрики __
a Основная рубрика Промышленность. Энергетика
x Основная подрубрика Швейная промышленность
655 Указ. предметных рубрик (устаревшее) __
a Жанр/ форма (устаревшее) Учебное пособие
700 Другие авторы __
a Другие авторы Смирнова Н. А.
q Полное имя Смирнова Надежда Анатольевна
856 Электронный адрес документа 4_
a Имя сервера/домена znanium.ru
m Помощь ebs_support@infra-m.ru
n Местонахождение сервера НИЦ ИНФРА-М
u URL https://znanium.ru/catalog/document?id=464882
856 Электронный адрес документа 48
a Имя сервера/домена znanium.ru
d Путь /cover/2184
f Электронное имя 2184603.jpg
q Тип электронного формата image/jpeg
u URL https://znanium.ru/cover/2184/2184603.jpg
911 __
u 0030=https://znanium.ru/catalog/document?id=464882